أخلاقيات وآداب مهنة التدريس الجامعي / (رقم التسجيلة. 22743)
[ عرض عادي ]
| 000 -الفاتح | |
|---|---|
| حقل البيانات ثابتة الطول | 01049nam a22002291a 4500 |
| 003 - محدد رقم الضبط | |
| رقم الضبط | SGM |
| 005 - وقت وتاريخ اخر تعامل مع التسجيلة | |
| رقم الضبط | 20150408114030.0 |
| 008 - عناصر البيانات ثابتة الطول - معلومات عامة | |
| حقل البيانات ثابتة الطول | 120508s2012 jo g b 000 0 ara d |
| 020 ## - الرقم الدولى المعيارى للكتب | |
| الرقم الدولى المعيارى للكتاب | 9789957900090 |
| 040 ## - مصدر الفهرسة | |
| وكالة الفهرسة الأصلية | عمادة شؤون المكتبات في جامعة المجمعة |
| 082 04 - رقم تصنيف ديوى العشرى | |
| رقم الطبعة | 21 |
| رقم التصنيف | 378.124 |
| رقم المادة | ا ا ع 378.124 |
| 245 00 - بيان العنوان | |
| العنوان | أخلاقيات وآداب مهنة التدريس الجامعي / |
| بيان المسئوليه,etc | عبد الواحد حميد الكبيسي ... [وآخ.] |
| 250 ## - بيان الطبعة | |
| بيان الطبعة | ط. 1. |
| 260 ## - PUBLICATION, DISTRIBUTION, ETC. (IMPRINT) | |
| مكان الناشر او الموزع | عمان، الأردن : |
| اسم الناشر او الموزع | مركز ديبونو لتعليم التفكير، |
| تاريخ النشر أو التوزيع | 2012 |
| 300 ## - الوصف المادى | |
| التعداد | 277 ص. ؛ |
| أبعاد الوعاء | 24 سم. |
| 504 ## - تبصرة ببليوجرافية | |
| تبصرة ببليوجرافية,الخ | ببليوجرافية : ص. 275-277. |
| 650 #7 - المدخل الاضافى بالموضوع-مصطلح موضوعى | |
| مصدر الرأس أو المصطلح | aucsh |
| مصطلح موضوعي أو اسم جغرافي كعنصر مدخل | التدريس |
| التقسيم الفرعي العام | جوانب سلوكية وأخلاقية |
| 9 (RLIN) | 12678 |
| 650 #7 - المدخل الاضافى بالموضوع-مصطلح موضوعى | |
| مصدر الرأس أو المصطلح | aucsh |
| مصطلح موضوعي أو اسم جغرافي كعنصر مدخل | المدرسون |
| التقسيم الفرعي العام | أخلاقيات |
| 9 (RLIN) | 12679 |
| 650 #7 - المدخل الاضافى بالموضوع-مصطلح موضوعى | |
| مصدر الرأس أو المصطلح | aucsh |
| مصطلح موضوعي أو اسم جغرافي كعنصر مدخل | التعليم الجامعي |
| التقسيم الفرعي العام | دراسة وتعليم |
| -- | جوانب سلوكية وأخلاقية |
| 9 (RLIN) | 12680 |
| 700 1# - المدخل الاضافى - اسم شخصى | |
| الإسم الشخصى | الكبيسي، عبد الواحد حميد. |
| 9 (RLIN) | 12681 |
| 942 ## - عناصر المدخل الإضافي( كوها) | |
| مصدر التصنيف او مخطط الترفيف | Dewey Decimal Classification |
| Koha [default] item type | كتاب |
| حالة الفقد | نموذج السعر الفعال | حالة تلف | ليس للاعارة | رقم الطلب | رقم النسخة | تاريخ الاكتساب | الموقع الحالي | الباركود | موقع الترفيف | الفرع الرئيسي | Date last seen | نوع المادة فى نظام كوها | مصدر التصنيف او خطة الترفيف | Total Checkouts |
|---|---|---|---|---|---|---|---|---|---|---|---|---|---|---|
| 2013-03-10 | Not For Loan | 378.124 ا ا ع 378.124 | 1 | 2012-05-15 | المكتبة المركزية بالمجمعة (CL) | 202568 | stacks td | المكتبة المركزية بالمجمعة (CL) | 2013-03-10 | كتاب | Dewey Decimal Classification | |||
| 2013-03-10 | 378.124 ا ا ع 378.124 | 2 | 2012-05-15 | المكتبة المركزية بالمجمعة (CL) | 202569 | stacks td | المكتبة المركزية بالمجمعة (CL) | 2013-03-10 | كتاب | Dewey Decimal Classification | ||||
| 2013-03-10 | 378.124 ا ا ع 378.124 | 3 | 2012-05-15 | المكتبة المركزية بالمجمعة (CL) | 202570 | stacks td | المكتبة المركزية بالمجمعة (CL) | 2013-03-10 | كتاب | Dewey Decimal Classification | ||||
| 2013-03-10 | Not For Loan | 378.124 ا ا ع 378.124 | 1 | 2012-05-13 | مكتبة مجمع الطالبات بالمجمعة (EMF) | 201761 | stacks td | مكتبة مجمع الطالبات بالمجمعة (EMF) | 2013-03-10 | كتاب | Dewey Decimal Classification | |||
| 2013-03-10 | 378.124 ا ا ع 378.124 | 2 | 2012-05-13 | مكتبة مجمع الطالبات بالمجمعة (EMF) | 201762 | stacks td | مكتبة مجمع الطالبات بالمجمعة (EMF) | 2013-03-10 | كتاب | Dewey Decimal Classification |
